[Event "2. BUNDESLIGA MITTE 2018/2019"]
[Site "Grieskirchen, Friedberg/Sauwald, St. Veit, Deutschlandsberg"]
[Date "2019.01.18"]
[Round "6"]
[Board "5"]
[White "Lentrodt, Thomas"]
[Black "Krebs, Johann"]
[Result "1-0"]
[WhiteElo "2281"]
[BlackElo "2196"]
[PlyCount "73"]
[EventDate "2018.10.19"]
[EventType "team"]
[EventRounds "11"]
[EventCountry "AUT"]
[WhiteTeam "SPK Grieskirchen/Schallerbach"]
[BlackTeam "Frauental"]

1. d4 Nf6 2. c4 c5 3. d5 e6 4. Nc3 exd5 5. cxd5 d6 6. e4 g6 7. Bb5+ Nbd7 8. a4
Bg7 9. Nf3 O-O 10. O-O a6 11. Bd3 Qc7 12. Re1 c4 13. Bf1 Nc5 14. Nd2 Bg4 15.
Qc2 Rfe8 16. Nxc4 Rac8 17. Bf4 Ncxe4 18. Nxe4 Rxe4 19. Rxe4 Bf5 20. f3 Bxe4 21.
fxe4 b5 22. axb5 axb5 23. Ne3 Qxc2 24. Nxc2 g5 25. Bg3 Nxe4 26. Bd3 Bxb2 27.
Ra2 Nxg3 28. Rxb2 Nh5 29. Bxb5 Nf4 30. Bc6 Nd3 31. Ra2 Kg7 32. Nd4 Kf6 33. Rd2
Nf4 34. g3 Ng6 35. Rf2+ Ke5 36. Nf3+ Kf6 37. Nh4+  1-0

[Event "2. BUNDESLIGA MITTE 2018/2019"]
[Site "Grieskirchen, Friedberg/Sauwald, St. Veit, Deutschlandsberg"]
[Date "2019.01.18"]
[Round "6"]
[Board "6"]
[White "Khalakhan, Jurij"]
[Black "Obermayr, Hermann"]
[Result "1-0"]
[WhiteElo "2279"]
[BlackElo "2145"]
[PlyCount "51"]
[EventDate "2018.10.19"]
[EventType "team"]
[EventRounds "11"]
[EventCountry "AUT"]
[WhiteTeam "Frauental"]
[BlackTeam "SPK Grieskirchen/Schallerbach"]

1. e4 e6 2. d4 d5 3. Nd2 a6 4. Ngf3 c5 5. c3 Nc6 6. Bd3 cxd4 7. cxd4 dxe4 8.
Nxe4 Nf6 9. O-O Be7 10. Re1 O-O 11. Bc2 Nb4 12. Bb1 b6 13. a3 Nbd5 14. Qd3 Bb7
15. Ne5 Rc8 16. Ng5 g6 17. Ngf3 Re8 18. Ng5 Rf8 19. Ba2 b5 20. Qh3 Qb6 21. Bxd5
Bxd5 22. Nd7 Qxd4 23. Nxf6+ Kg7 24. Nxd5 Qxd5 25. Qxh7+ Kf6 26. Ne4+  1-0

[Event "2. BUNDESLIGA MITTE 2018/2019"]
[Site "Grieskirchen, Friedberg/Sauwald, St. Veit, Deutschlandsberg"]
[Date "2019.01.18"]
[Round "6"]
[Board "1"]
[White "Leisch, Lukas"]
[Black "Huber, Martin Christian"]
[Result "1-0"]
[WhiteElo "2338"]
[BlackElo "2325"]
[PlyCount "65"]
[EventDate "2018.10.19"]
[EventType "team"]
[EventRounds "11"]
[EventCountry "AUT"]
[WhiteTeam "Freistadt/Wartberg"]
[BlackTeam "Schachfreunde Graz"]

1. c4 g6 2. e4 Bg7 3. d4 d6 4. Nc3 Nf6 5. Nf3 O-O 6. Be2 e5 7. d5 a5 8. Bg5 h6
9. Bh4 Na6 10. Nd2 Nc5 11. O-O Bd7 12. b3 Qe8 13. a3 Nh7 14. f3 h5 15. b4 Na4
16. Qc2 Nxc3 17. Qxc3 f5 18. c5 g5 19. Bf2 Qg6 20. c6 bxc6 21. dxc6 Bc8 22. b5
g4 23. b6 cxb6 24. fxg4 hxg4 25. Nc4 Ng5 26. Nxb6 Rb8 27. Nxc8 Rbxc8 28. exf5
Qxf5 29. Qc4+ Kh8 30. Be3 Qg6 31. Bxg4 Bh6 32. Rxf8+ Rxf8 33. c7  1-0

[Event "2. BUNDESLIGA MITTE 2018/2019"]
[Site "Grieskirchen, Friedberg/Sauwald, St. Veit, Deutschlandsberg"]
[Date "2019.01.18"]
[Round "6"]
[Board "2"]
[White "Kravanja, Georg"]
[Black "Mayerhofer, Peter"]
[Result "1/2-1/2"]
[WhiteElo "2284"]
[BlackElo "2181"]
[PlyCount "75"]
[EventDate "2018.10.19"]
[EventType "team"]
[EventRounds "11"]
[EventCountry "AUT"]
[WhiteTeam "Schachfreunde Graz"]
[BlackTeam "Freistadt/Wartberg"]

1. d4 d5 2. c4 e6 3. Nf3 c5 4. cxd5 exd5 5. Nc3 Nc6 6. g3 Nf6 7. Bg2 Be7 8. O-O
O-O 9. Bg5 c4 10. Ne5 Be6 11. b3 Qa5 12. Nxc6 bxc6 13. Qc2 h6 14. Bd2 Qa6 15.
e4 dxe4 16. Nxe4 cxb3 17. axb3 Qb6 18. Nc5 Bxc5 19. dxc5 Qb7 20. b4 Bd5 21. f3
Rfe8 22. Bc3 Nd7 23. Qb2 f6 24. Qf2 Ne5 25. Rad1 Qb5 26. Rfe1 Qc4 27. Bxe5 Rxe5
28. Rxe5 fxe5 29. Qe1 a5 30. Ra1 Qd4+ 31. Kh1 Rf8 32. bxa5 Rxf3 33. Rd1 Rd3 34.
Rxd3 Qxd3 35. Qa1 Bxg2+ 36. Kxg2 Qe2+ 37. Kg1 Qe3+ 38. Kg2  1/2-1/2

[Event "2. BUNDESLIGA MITTE 2018/2019"]
[Site "Grieskirchen, Friedberg/Sauwald, St. Veit, Deutschlandsberg"]
[Date "2019.01.18"]
[Round "6"]
[Board "3"]
[White "Rechberger, Franz"]
[Black "Teuschler, Barbara"]
[Result "0-1"]
[WhiteElo "2115"]
[BlackElo "2203"]
[PlyCount "44"]
[EventDate "2018.10.19"]
[EventType "team"]
[EventRounds "11"]
[EventCountry "AUT"]
[WhiteTeam "Freistadt/Wartberg"]
[BlackTeam "Schachfreunde Graz"]

1. d4 Nf6 2. c4 b6 3. Nc3 Bb7 4. f3 d5 5. cxd5 Nxd5 6. e4 Nxc3 7. bxc3 e5 8.
Qa4+ Bc6 9. Bb5 Qd7 10. Rb1 Bd6 11. Ne2 O-O 12. Ng3 exd4 13. cxd4 Bxb5 14. Qxb5
Bxg3+ 15. hxg3 Qxd4 16. Qh5 h6 17. g4 Nd7 18. Rb3 Nc5 19. g5 Nxb3 20. axb3 Qc5
21. Bf4 Rad8 22. Qh4 Rd3  0-1

[Event "2. BUNDESLIGA MITTE 2018/2019"]
[Site "Grieskirchen, Friedberg/Sauwald, St. Veit, Deutschlandsberg"]
[Date "2019.01.18"]
[Round "6"]
[Board "4"]
[White "Kastner, Walter"]
[Black "Traunwieser, Georg"]
[Result "1-0"]
[WhiteElo "2214"]
[BlackElo "2102"]
[PlyCount "43"]
[EventDate "2018.10.19"]
[EventType "team"]
[EventRounds "11"]
[EventCountry "AUT"]
[WhiteTeam "Schachfreunde Graz"]
[BlackTeam "Freistadt/Wartberg"]

1. d4 Nf6 2. Bg5 Ne4 3. Bf4 c5 4. f3 Nf6 5. dxc5 b6 6. e4 g6 7. Nc3 Bg7 8. Qd2
O-O 9. Bh6 bxc5 10. h4 Nc6 11. h5 Qc7 12. O-O-O Nxh5 13. Bxg7 Kxg7 14. Nd5 Qe5
15. g4 Rb8 16. c3 e6 17. gxh5 exd5 18. hxg6 h5 19. exd5 fxg6 20. Re1 Qf6 21.
dxc6 dxc6 22. Qe3  1-0

[Event "2. BUNDESLIGA MITTE 2018/2019"]
[Site "Grieskirchen, Friedberg/Sauwald, St. Veit, Deutschlandsberg"]
[Date "2019.01.18"]
[Round "6"]
[Board "5"]
[White "Oberngruber, Thomas"]
[Black "Prato, Simon"]
[Result "1/2-1/2"]
[WhiteElo "2112"]
[BlackElo "2118"]
[PlyCount "42"]
[EventDate "2018.10.19"]
[EventType "team"]
[EventRounds "11"]
[EventCountry "AUT"]
[WhiteTeam "Freistadt/Wartberg"]
[BlackTeam "Schachfreunde Graz"]

1. e4 c5 2. Nc3 Nc6 3. Nf3 e6 4. d4 cxd4 5. Nxd4 Qc7 6. a3 a6 7. Be2 Nf6 8. Be3
Be7 9. Qd2 O-O 10. f4 d6 11. Nb3 b5 12. Bf3 Bb7 13. Qf2 Rac8 14. O-O b4 15.
axb4 Nxb4 16. Na5 Ba8 17. Bb6 Qb8 18. Ba7 Qc7 19. Bb6 Qb8 20. Ba7 Qc7 21. Bb6
Qb8  1/2-1/2

[Event "2. BUNDESLIGA MITTE 2018/2019"]
[Site "Grieskirchen, Friedberg/Sauwald, St. Veit, Deutschlandsberg"]
[Date "2019.01.18"]
[Round "6"]
[Board "6"]
[White "Kristoferitsch, Daniel"]
[Black "Grabner, Hermann"]
[Result "1-0"]
[WhiteElo "1992"]
[BlackElo "1921"]
[PlyCount "45"]
[EventDate "2018.10.19"]
[EventType "team"]
[EventRounds "11"]
[EventCountry "AUT"]
[WhiteTeam "Schachfreunde Graz"]
[BlackTeam "Freistadt/Wartberg"]

1. d4 f5 2. Nf3 Nf6 3. g3 g6 4. Bg2 Bg7 5. O-O O-O 6. c4 d6 7. Nc3 Qe8 8. Re1
c6 9. Nd2 Nh5 10. Nb3 f4 11. d5 c5 12. e4 fxg3 13. hxg3 Qf7 14. Be3 Nd7 15. Nd2
Ne5 16. Qc2 Ng4 17. Nf3 Nxe3 18. Rxe3 Bh6 19. Rd3 Nf6 20. Rf1 Bg4 21. Nh2 Rae8
22. Nxg4 Nxg4 23. Bh3  1-0

[Event "2. BUNDESLIGA MITTE 2018/2019"]
[Site "Grieskirchen, Friedberg/Sauwald, St. Veit, Deutschlandsberg"]
[Date "2019.01.19"]
[Round "7"]
[Board "1"]
[White "Heinemann, Thies"]
[Black "Nemeth, Miklos"]
[Result "1/2-1/2"]
[WhiteElo "2509"]
[BlackElo "2491"]
[PlyCount "51"]
[EventDate "2018.10.19"]
[EventType "team"]
[EventRounds "11"]
[EventCountry "AUT"]
[WhiteTeam "EJ Gleisdorf"]
[BlackTeam "SV Steyregg"]

1. e4 e5 2. Nf3 Nc6 3. Bb5 Nd4 4. Nxd4 exd4 5. O-O Bc5 6. d3 c6 7. Bc4 d5 8.
exd5 cxd5 9. Bb3 Ne7 10. c4 Be6 11. cxd5 Bxd5 12. Nd2 O-O 13. Ne4 Bb6 14. Bg5
f6 15. Bf4 Kh8 16. Rc1 Qd7 17. Bxd5 Nxd5 18. Bd6 Rfe8 19. Qb3 Qe6 20. h3 Rad8
21. Bg3 h6 22. Rce1 Qc6 23. Rc1 Qe6 24. Rce1 Qc6 25. Rc1 Qe6 26. Rce1  1/2-1/2

[Event "2. BUNDESLIGA MITTE 2018/2019"]
[Site "Grieskirchen, Friedberg/Sauwald, St. Veit, Deutschlandsberg"]
[Date "2019.01.19"]
[Round "7"]
[Board "2"]
[White "Kovacs, Gabor"]
[Black "Polzin, Rainer"]
[Result "1-0"]
[WhiteElo "2457"]
[BlackElo "2412"]
[PlyCount "53"]
[EventDate "2018.10.19"]
[EventType "team"]
[EventRounds "11"]
[EventCountry "AUT"]
[WhiteTeam "SV Steyregg"]
[BlackTeam "EJ Gleisdorf"]

1. Nf3 Nf6 2. b3 d6 3. c4 e5 4. Nc3 g6 5. g3 Bg7 6. Bg2 O-O 7. O-O Nc6 8. Bb2
Bf5 9. d3 Qd7 10. Nd5 Nxd5 11. cxd5 Ne7 12. Rc1 c6 13. dxc6 Nxc6 14. Qd2 d5 15.
Rc5 Rac8 16. Rfc1 Rfe8 17. Ng5 Ne7 18. Rxc8 Nxc8 19. Qa5 Ne7 20. Rc7 Qd8 21.
Qc5 Bc8 22. Nxf7 Kxf7 23. Bxd5+ Kf8 24. Bxb7 Be6 25. Bxe5 Bxe5 26. Qxe5 Kf7 27.
Bc6  1-0

[Event "2. BUNDESLIGA MITTE 2018/2019"]
[Site "Grieskirchen, Friedberg/Sauwald, St. Veit, Deutschlandsberg"]
[Date "2019.01.19"]
[Round "7"]
[Board "3"]
[White "Frosch, Ronald"]
[Black "Enoeckl, Philipp"]
[Result "1/2-1/2"]
[WhiteElo "2284"]
[BlackElo "2291"]
[PlyCount "104"]
[EventDate "2018.10.19"]
[EventType "team"]
[EventRounds "11"]
[EventCountry "AUT"]
[WhiteTeam "EJ Gleisdorf"]
[BlackTeam "SV Steyregg"]

1. d4 Nf6 2. Nf3 g6 3. e3 Bg7 4. Be2 O-O 5. O-O c5 6. c3 b6 7. Nbd2 Bb7 8. Re1
d6 9. Nf1 Nbd7 10. Ng3 a6 11. Bf1 d5 12. Qc2 Qc7 13. Bd2 Rfc8 14. Rad1 b5 15.
Qb1 c4 16. Nh4 e6 17. f4 Bc6 18. Re2 a5 19. Be1 Rcb8 20. Nh1 b4 21. h3 Ne4 22.
Nf2 Ng3 23. Ng4 Nxe2+ 24. Bxe2 Ba4 25. Rc1 f5 26. Ne5 Nxe5 27. dxe5 Qb6 28. Kf2
Bf8 29. Nf3 bxc3 30. Bxc3 Bb4 31. Bd4 Bc5 32. b3 Bxd4 33. Nxd4 Bd7 34. Qc2 cxb3
35. axb3 Rc8 36. Qd1 Rxc1 37. Qxc1 Rc8 38. Qg1 Qd8 39. g3 Rc3 40. h4 Qc7 41. g4
Rc1 42. Qg2 Qd8 43. Qg3 Kf8 44. Bb5 Bc8 45. Ba6 Kf7 46. Bxc8 Rxc8 47. h5 Qe7
48. Qh3 Rg8 49. h6 Rb8 50. gxf5 gxf5 51. Qh5+ Kf8 52. Nc6 Qe8  1/2-1/2

[Event "2. BUNDESLIGA MITTE 2018/2019"]
[Site "Grieskirchen, Friedberg/Sauwald, St. Veit, Deutschlandsberg"]
[Date "2019.01.19"]
[Round "7"]
[Board "4"]
[White "Meyer, Gordon"]
[Black "Wanderer, Thomas"]
[Result "0-1"]
[WhiteElo "2206"]
[BlackElo "2225"]
[PlyCount "154"]
[EventDate "2018.10.19"]
[EventType "team"]
[EventRounds "11"]
[EventCountry "AUT"]
[WhiteTeam "SV Steyregg"]
[BlackTeam "EJ Gleisdorf"]

1. e4 c5 2. Nc3 a6 3. Nf3 e6 4. d4 cxd4 5. Nxd4 Qc7 6. Be3 Nf6 7. f3 Nc6 8. Qd2
Nxd4 9. Bxd4 Bd6 10. g3 Be5 11. Bxe5 Qxe5 12. O-O-O O-O 13. Be2 Qc7 14. g4 Rd8
15. f4 b5 16. Bd3 Bb7 17. g5 Ne8 18. Ne2 Rac8 19. Kb1 e5 20. fxe5 Qxe5 21. Nf4
Nc7 22. Rhe1 Qxg5 23. Rg1 Qe5 24. h4 Ne6 25. Nd5 Bxd5 26. exd5 Nf8 27. Rg5 Qd6
28. c3 Re8 29. Bc2 Re5 30. Qh2 Rce8 31. Qg3 Qf6 32. Rg1 Rxg5 33. hxg5 Qe5 34.
Qg2 Qe2 35. Qh3 Qf2 36. Rd1 Re3 37. Qg4 Re2 38. Rc1 g6 39. a4 bxa4 40. Qxa4 Re1
41. Rxe1 Qxe1+ 42. Ka2 Qd2 43. Bb3 Qxg5 44. c4 Qe7 45. Qxa6 h5 46. Qa7 h4 47.
c5 h3 48. d6 Qe4 49. c6 Qxc6 50. Qf2 Qa6+ 51. Kb1 Qd3+ 52. Ka2 Ne6 53. Qh4 Qxd6
54. Qxh3 Kg7 55. Bc2 Qc5 56. Qd3 d5 57. b4 Qxb4 58. Qxd5 Qd4 59. Qg2 Nc5 60.
Kb1 Nd3 61. Bb3 Qf2 62. Qxf2 Nxf2 63. Kc2 f5 64. Kd2 Kf6 65. Ke3 Ng4+ 66. Kf4
Ne5 67. Bd5 g5+ 68. Ke3 g4 69. Kf4 Ng6+ 70. Kg3 Kg5 71. Bb7 f4+ 72. Kf2 Nh4 73.
Bc6 f3 74. Kg3 Nf5+ 75. Kf2 Kf4 76. Kg1 Kg3 77. Kh1 Kf2  0-1

[Event "2. BUNDESLIGA MITTE 2018/2019"]
[Site "Grieskirchen, Friedberg/Sauwald, St. Veit, Deutschlandsberg"]
[Date "2019.01.19"]
[Round "7"]
[Board "5"]
[White "Manhardt, Thomas"]
[Black "Wiesinger, Robert"]
[Result "1-0"]
[WhiteElo "2264"]
[BlackElo "2233"]
[PlyCount "89"]
[EventDate "2018.10.19"]
[EventType "team"]
[EventRounds "11"]
[EventCountry "AUT"]
[WhiteTeam "EJ Gleisdorf"]
[BlackTeam "SV Steyregg"]

1. e4 e5 2. Nf3 Nc6 3. d4 exd4 4. Nxd4 Nf6 5. Nxc6 bxc6 6. e5 Qe7 7. Qe2 Nd5 8.
c4 Nb6 9. Nd2 a5 10. Qe4 Ba6 11. b3 g6 12. Bb2 Bg7 13. O-O-O O-O 14. Bd3 Rfe8
15. f4 a4 16. Rhe1 axb3 17. axb3 d5 18. Qe2 Reb8 19. Kc2 dxc4 20. Nxc4 Nd5 21.
Qd2 Qb4 22. Qxb4 Nxb4+ 23. Kc1 Nd5 24. Be4 Rxb3 25. Na5 Rb6 26. Bd4 Rb5 27.
Nxc6 Bf8 28. Bb2 Rc5+ 29. Kb1 Bb7 30. Rxd5 Bxc6 31. Rxc5 Bxe4+ 32. Rc2 Ra4 33.
Rxe4 Rxe4 34. Rxc7 Rxf4 35. Rc8 Ra4 36. Kc2 Ra5 37. Kd3 Ra7 38. Bd4 Ra5 39. Kc4
Ra4+ 40. Kd5 Ra5+ 41. Kc6 Ra6+ 42. Kb7 Ra5 43. Rd8 Kg7 44. e6+ f6 45. Rd7+  1-0

[Event "2. BUNDESLIGA MITTE 2018/2019"]
[Site "Grieskirchen, Friedberg/Sauwald, St. Veit, Deutschlandsberg"]
[Date "2019.01.19"]
[Round "7"]
[Board "6"]
[White "Holzleithner, Johannes"]
[Black "Wegerer, Fred"]
[Result "0-1"]
[WhiteElo "1968"]
[BlackElo "2182"]
[PlyCount "114"]
[EventDate "2018.10.19"]
[EventType "team"]
[EventRounds "11"]
[EventCountry "AUT"]
[WhiteTeam "SV Steyregg"]
[BlackTeam "EJ Gleisdorf"]

1. e4 g6 2. d4 Bg7 3. Nc3 d6 4. f4 a6 5. Nf3 Bg4 6. Be3 c6 7. h3 Bxf3 8. Qxf3
e6 9. e5 d5 10. g4 Ne7 11. Bd3 c5 12. f5 Nec6 13. Ne2 cxd4 14. Bxd4 Nxe5 15.
Bxe5 Bxe5 16. fxe6 fxe6 17. Rf1 Qe7 18. O-O-O Nc6 19. Qe3 O-O-O 20. Qb6 Qb4 21.
Qxb4 Nxb4 22. a3 Nxd3+ 23. Rxd3 Kc7 24. Nc3 Rhf8 25. Re1 Bxc3 26. Rxc3+ Kd6 27.
Rce3 Rde8 28. Kd2 Rf2+ 29. Kd3 e5 30. R1e2 Rf4 31. c3 b5 32. Re1 Rf2 33. R1e2
Rxe2 34. Rxe2 Rf8 35. Ke3 g5 36. Rh2 Rf4 37. h4 Rxg4 38. hxg5 Rg3+ 39. Kf2 Rxg5
40. Rxh7 a5 41. b4 axb4 42. axb4 e4 43. Rb7 Kc6 44. Rb8 Rh5 45. Rc8+ Kd6 46.
Ke3 Rh3+ 47. Kd2 Rh2+ 48. Ke3 Rh3+ 49. Kd2 Rd3+ 50. Ke2 d4 51. Rd8+ Ke5 52.
Re8+ Kd5 53. Rd8+ Kc4 54. Rc8+ Kb3 55. c4 Re3+ 56. Kd2 bxc4 57. b5 c3+  0-1

[Event "2. BUNDESLIGA MITTE 2018/2019"]
[Site "Grieskirchen, Friedberg/Sauwald, St. Veit, Deutschlandsberg"]
[Date "2019.01.19"]
[Round "7"]
[Board "1"]
[White "Ftacnik, Lubomir"]
[Black "Gonda, Laszlo"]
[Result "0-1"]
[WhiteElo "2513"]
[BlackElo "2530"]
[PlyCount "75"]
[EventDate "2018.10.19"]
[EventType "team"]
[EventRounds "11"]
[EventCountry "AUT"]
[WhiteTeam "SC Pinggau-Friedberg"]
[BlackTeam "ASK St.Valentin"]

1. Nf3 d5 2. e3 Nf6 3. c4 e6 4. Nc3 a6 5. b3 c5 6. Bb2 Nc6 7. cxd5 exd5 8. d4
Bd6 9. Be2 O-O 10. dxc5 Bxc5 11. O-O Re8 12. Na4 Ba7 13. Rc1 Ne4 14. Nd4 Qd6
15. Bf3 Ne5 16. Be2 Nc6 17. Bf3 Ne5 18. Be2 Bd7 19. Nc3 Nf6 20. Re1 Rad8 21. g3
Nfg4 22. Bf1 Qh6 23. h3 Nxf2 24. Kxf2 Bxh3 25. Be2 Rd6 26. Bf3 Nxf3 27. Qxf3
Rf6 28. Nxd5 Rxf3+ 29. Nxf3 Bg4 30. Rcd1 Qc6 31. Rd2 Bxf3 32. Kxf3 h6 33. e4
Bb8 34. g4 Be5 35. Ba3 Qe6 36. Re3 Kh7 37. Rc2 Qg6 38. Rd3  0-1

[Event "2. BUNDESLIGA MITTE 2018/2019"]
[Site "Grieskirchen, Friedberg/Sauwald, St. Veit, Deutschlandsberg"]
[Date "2019.01.19"]
[Round "7"]
[Board "2"]
[White "Sandhoefner, Florian"]
[Black "Milanovic, Danilo"]
[Result "1/2-1/2"]
[WhiteElo "2310"]
[BlackElo "2493"]
[PlyCount "89"]
[EventDate "2018.10.19"]
[EventType "team"]
[EventRounds "11"]
[EventCountry "AUT"]
[WhiteTeam "ASK St.Valentin"]
[BlackTeam "SC Pinggau-Friedberg"]

1. e4 d5 2. exd5 Qxd5 3. Nc3 Qd6 4. d4 c6 5. Bc4 Bf5 6. Nge2 e6 7. Bf4 Qd8 8.
O-O Nf6 9. Ng3 Bg6 10. Re1 Be7 11. Nce4 Nd5 12. Bc1 Nd7 13. Bb3 b5 14. c3 O-O
15. a4 a6 16. axb5 axb5 17. Rxa8 Qxa8 18. Bg5 Bxg5 19. Nxg5 c5 20. Bc2 Qa2 21.
Bxg6 hxg6 22. Qe2 cxd4 23. Qxb5 dxc3 24. bxc3 N7b6 25. N3e4 Qc4 26. Qxc4 Nxc4
27. Rb1 Re8 28. Rb7 Ndb6 29. Ra7 f6 30. Nf3 Ra8 31. Rxa8+ Nxa8 32. Nfd2 Na5 33.
f4 Nb6 34. g3 Kf7 35. Kf2 Ke7 36. Ke2 Kd7 37. Kd3 Nc6 38. Nf3 Kc7 39. c4 Nb4+
40. Kc3 Nc6 41. Kd3 Kd7 42. Nh4 Ne7 43. Nf3 Nc6 44. Nh4 Ne7 45. Nf3  1/2-1/2

[Event "2. BUNDESLIGA MITTE 2018/2019"]
[Site "Grieskirchen, Friedberg/Sauwald, St. Veit, Deutschlandsberg"]
[Date "2019.01.19"]
[Round "7"]
[Board "3"]
[White "Schnider, Gert"]
[Black "Hajnal, Zoltan"]
[Result "1/2-1/2"]
[WhiteElo "2424"]
[BlackElo "2402"]
[PlyCount "106"]
[EventDate "2018.10.19"]
[EventType "team"]
[EventRounds "11"]
[EventCountry "AUT"]
[WhiteTeam "SC Pinggau-Friedberg"]
[BlackTeam "ASK St.Valentin"]

1. e4 e5 2. Nf3 Nc6 3. Bc4 Bc5 4. c3 Nf6 5. d4 exd4 6. e5 d5 7. Bb5 Ne4 8. cxd4
Bb6 9. Nc3 O-O 10. Be3 Bg4 11. h3 Bh5 12. Qc2 Bg6 13. Qb3 Ne7 14. O-O c6 15.
Bd3 Nxc3 16. Qxc3 Bxd3 17. Qxd3 Ng6 18. Bg5 Qd7 19. Rae1 Rae8 20. Nh4 h6 21.
Nxg6 fxg6 22. Be3 g5 23. b4 Qe6 24. b5 g6 25. bxc6 bxc6 26. Rc1 Kg7 27. Rc2 Rc8
28. Rfc1 Rf7 29. Qa6 g4 30. hxg4 Qxg4 31. Qd3 Qe6 32. Qa6 Qg4 33. Rxc6 Rxc6 34.
Rxc6 Qd1+ 35. Qf1 Qa4 36. Rd6 Bxd4 37. e6 Re7 38. Rd7 Kf6 39. Rxd5 Bxe3 40.
fxe3+ Kxe6 41. Rd4 Qc6 42. Rf4 Kd7 43. Rf3 Qc5 44. Qd3+ Kc7 45. Qxg6 Rxe3 46.
Qg3+ Re5+ 47. Kh1 Kb6 48. Rb3+ Kc6 49. Qf3+ Qd5 50. Rc3+ Kb7 51. Rb3+ Kc6 52.
Qf6+ Qd6 53. Rc3+ Rc5 {Remis nach 64 ZÃ¼gen}  1/2-1/2

[Event "2. BUNDESLIGA MITTE 2018/2019"]
[Site "Grieskirchen, Friedberg/Sauwald, St. Veit, Deutschlandsberg"]
[Date "2019.01.19"]
[Round "7"]
[Board "4"]
[White "Heimberger, Reinhard"]
[Black "Mahdy, Khaled"]
[Result "0-1"]
[WhiteElo "2235"]
[BlackElo "2382"]
[PlyCount "68"]
[EventDate "2018.10.19"]
[EventType "team"]
[EventRounds "11"]
[EventCountry "AUT"]
[WhiteTeam "ASK St.Valentin"]
[BlackTeam "SC Pinggau-Friedberg"]

1. d4 Nf6 2. g3 c5 3. d5 g6 4. Bg2 Bg7 5. e4 d6 6. Ne2 Na6 7. O-O O-O 8. a4 Nc7
9. c4 b6 10. Nbc3 Rb8 11. f4 a6 12. Qd3 b5 13. axb5 axb5 14. cxb5 Bd7 15. Ra7
Nxb5 16. Nxb5 Bxb5 17. Qc2 Re8 18. Ra3 Qb6 19. Bf3 Nd7 20. Re1 Ra8 21. Rxa8
Rxa8 22. Nc3 Bc4 23. e5 dxe5 24. d6 Bb3 25. Qe4 Re8 26. Qc6 Qd8 27. Qb5 Be6 28.
Rd1 exf4 29. Bxf4 Bd4+ 30. Kh1 exd6 31. Bxd6 Qf6 32. Bg2 Bg4 33. Ne4 Rxe4 34.
Bxe4 Bf3+  0-1

[Event "2. BUNDESLIGA MITTE 2018/2019"]
[Site "Grieskirchen, Friedberg/Sauwald, St. Veit, Deutschlandsberg"]
[Date "2019.01.19"]
[Round "7"]
[Board "5"]
[White "Schieder, Andreas"]
[Black "Kranzl, Peter"]
[Result "0-1"]
[WhiteElo "2205"]
[BlackElo "2157"]
[PlyCount "112"]
[EventDate "2018.10.19"]
[EventType "team"]
[EventRounds "11"]
[EventCountry "AUT"]
[WhiteTeam "SC Pinggau-Friedberg"]
[BlackTeam "ASK St.Valentin"]

1. d4 Nf6 2. Nc3 d5 3. e4 dxe4 4. f3 exf3 5. Nxf3 Bf5 6. Nh4 Be6 7. Be2 g6 8.
Bf4 c6 9. Qd2 Nbd7 10. Nf3 Qa5 11. O-O Qb6 12. Kh1 Bg7 13. Rae1 O-O 14. Bd3
Rfe8 15. Na4 Qd8 16. Bh6 Bd5 17. Ne5 Rc8 18. c4 Be6 19. Nf3 b6 20. Nc3 Nf8 21.
Bxg7 Kxg7 22. Qf4 Qd6 23. Qh4 Rcd8 24. d5 cxd5 25. Nb5 Qb8 26. Nbd4 dxc4 27.
Nc6 Qc7 28. Nxd8 Rxd8 29. Bb1 Qc5 30. a3 b5 31. Rd1 Rxd1 32. Rxd1 Bd5 33. Qg5
Ne6 34. Qe5 Bxf3 35. Qxc5 Bxg2+ 36. Kxg2 Nxc5 37. Rd8 e6 38. Bc2 Nd5 39. Kf3
Nb6 40. Rd6 e5 41. Ke3 Kf8 42. Rd8+ Ke7 43. Rh8 h5 44. Bxg6 fxg6 45. Rh7+ Kd6
46. Rxa7 Nd5+ 47. Kd2 e4 48. Ra8 e3+ 49. Ke2 Ke5 50. Rb8 Kd4 51. Kf3 g5 52. Rd8
Nd3 53. h4 g4+ 54. Kg2 N3f4+ 55. Kf1 g3 56. b3 g2+  0-1

[Event "2. BUNDESLIGA MITTE 2018/2019"]
[Site "Grieskirchen, Friedberg/Sauwald, St. Veit, Deutschlandsberg"]
[Date "2019.01.19"]
[Round "7"]
[Board "6"]
[White "Eder, Andreas"]
[Black "Danner, Georg"]
[Result "1/2-1/2"]
[WhiteElo "2121"]
[BlackElo "2330"]
[PlyCount "62"]
[EventDate "2018.10.19"]
[EventType "team"]
[EventRounds "11"]
[EventCountry "AUT"]
[WhiteTeam "ASK St.Valentin"]
[BlackTeam "SC Pinggau-Friedberg"]

1. d4 f5 2. Nc3 g6 3. e4 fxe4 4. Nxe4 d5 5. Ng3 Bg7 6. Nf3 Bg4 7. c3 Nc6 8. Bb5
Qd6 9. h3 Bxf3 10. Qxf3 e5 11. dxe5 Bxe5 12. Bxc6+ bxc6 13. Qe2 Ne7 14. O-O O-O
15. Bg5 Nf5 16. Nxf5 Rxf5 17. f4 Bg7 18. Rae1 d4 19. cxd4 Bxd4+ 20. Kh1 a5 21.
Qe6+ Qxe6 22. Rxe6 c5 23. b3 a4 24. bxa4 Rxa4 25. Bh6 Bg7 26. Bxg7 Kxg7 27. Rc6
Ra7 28. Rc1 Rxf4 29. R6xc5 Rf7 30. Rc6 Re7 31. R1c2 Kf7  1/2-1/2

[Event "2. BUNDESLIGA MITTE 2018/2019"]
[Site "Grieskirchen, Friedberg/Sauwald, St. Veit, Deutschlandsberg"]
[Date "2019.01.19"]
[Round "7"]
[Board "1"]
[White "Korpa, Bence"]
[Black "Schmidt, Peter"]
[Result "1-0"]
[WhiteElo "2503"]
[BlackElo "2399"]
[PlyCount "81"]
[EventDate "2018.10.19"]
[EventType "team"]
[EventRounds "11"]
[EventCountry "AUT"]
[WhiteTeam "SPG Fuerstenfeld/Hartberg"]
[BlackTeam "SPG Sauwald"]

1. Nf3 g6 2. g3 Bg7 3. d4 d5 4. Bg2 Nh6 5. h4 Nd7 6. c4 c6 7. cxd5 cxd5 8. Qa4
O-O 9. h5 Nf5 10. hxg6 hxg6 11. g4 Nd6 12. Nc3 Nb6 13. Qb3 Bxg4 14. Bf4 Rc8 15.
Ng5 Ndc4 16. Bh3 Bxh3 17. Rxh3 Qd7 18. Rg3 Qf5 19. e3 e5 20. dxe5 Nxe5 21. Kf1
Nd3 22. Ne2 Nxf4 23. Nxf4 d4 24. Rd1 dxe3 25. Qxe3 Nc4 26. Qf3 Ne5 27. Qh1 Rfd8
28. Nd5 Qc2 29. Kg2 Qc6 30. Rc3 Nc4 31. Rf3 Rd7 32. Qh7+ Kf8 33. Kh3 f5 34. Nb4
Qb5 35. a4 Qxa4 36. Rxf5+ gxf5 37. Qxf5+ Ke8 38. Qe6+ Kd8 39. Rxd7+ Qxd7 40.
Nf7+ Kc7 41. Nd5+  1-0

[Event "2. BUNDESLIGA MITTE 2018/2019"]
[Site "Grieskirchen, Friedberg/Sauwald, St. Veit, Deutschlandsberg"]
[Date "2019.01.19"]
[Round "7"]
[Board "2"]
[White "Renner, Christoph"]
[Black "Poetz, Florian"]
[Result "0-1"]
[WhiteElo "2317"]
[BlackElo "2387"]
[PlyCount "70"]
[EventDate "2018.10.19"]
[EventType "team"]
[EventRounds "11"]
[EventCountry "AUT"]
[WhiteTeam "SPG Sauwald"]
[BlackTeam "SPG Fuerstenfeld/Hartberg"]

1. e4 c5 2. d3 g6 3. g3 Bg7 4. Bg2 Nc6 5. f4 d6 6. Nf3 e6 7. O-O Nge7 8. c3 O-O
9. Be3 b6 10. Na3 Ba6 11. Rb1 Qd7 12. b4 Bb7 13. d4 cxb4 14. cxb4 a5 15. Nc4
Qc7 16. d5 exd5 17. Bxb6 Qb8 18. exd5 Nxb4 19. Bd4 Bxd4+ 20. Qxd4 Nf5 21. Qf2
Qc7 22. Ne3 Nxe3 23. Qxe3 Bxd5 24. a3 Nc2 25. Qd3 Qc5+ 26. Rf2 Nxa3 27. Rd1 Bb7
28. f5 Nc4 29. Nd4 Bxg2 30. Kxg2 Rae8 31. Kh3 Re3 32. Qf1 Re4 33. Qd3 Qd5 34.
f6 Ne3 35. Rdd2 Qh5#  0-1